Score 0/21 Timer 02:00
1 Play Today
Clue Word % Correct
♪ Genre played by The Rolling Stones, Foo Fighters, and Muse ♪♪ ROCK ♪
96.5%
Hockey uses this instead of a ballPUCK
94%
Parking lot for shipsDOCK
92.2%
Crouch for coverDUCK
91.5%
Competition of speedRACE
88.9%
♪ Genre played by the Sex Pistols and The Ramones ♪♪ PUNK ♪
88.5%
Three pronged cutleryFORK
86.7%
Part of the leg that is below the ankleFOOT
83.8%
A framework for holding objectsRACK
81.8%
♪ Genre played by James Brown, Rick James, and Earth, Wind & Fire ♪♪ FUNK ♪
81.2%
♪ Genre played by Frank Sinatra, Louis Armstrong, and Johnny Hartman ♪♪ JAZZ ♪
81.2%
Clue Word % Correct
♪ Genre played by Bob Dylan, Woody Guthrie, and Pete Seeger ♪♪ FOLK ♪
78%
A protected baseFORT
77.6%
Provide money to an organizationFUND
74.5%
Bend an object onto itselfFOLD
73.1%
To trick or deceiveFOOL
72.6%
Have a liking for someoneFOND
72%
Demolish a buildingRAZE
66.5%
Tease playfullyRAZZ
62.4%
♪ Genre played by James Brown, Ray Charles, and The Jackson 5 ♪♪ SOUL ♪
58.8%
Playing unfairFOUL
54.5%

Today's Daily Dose

Remove Ads.
Support Sporcle.
Get the best of Sporcle when you Go Orange. This ad-free experience offers more features, more stats, and more fun while also helping to support Sporcle. Thank you for becoming a member.

You're not logged in!

Compare scores with friends on all Sporcle quizzes.
OR
Log In

Show Comments

Extras

Top Quizzes Today


Score Distribution

Your Account Isn't Verified!

In order to create a playlist on Sporcle, you need to verify the email address you used during registration. Go to your Sporcle Settings to finish the process.

Report this User

Report this user for behavior that violates our Community Guidelines.

Details: